000 00995nam a2200337 c 4500
999 _c167592
_d167592
003 BLK
005 20220210152742.0
008 180411b bul|||||r ||||||| ||bul||
010 _aKNG00175404000
040 _aBLK
041 _aBUL
_cBUL
072 7 _2bullib
_aК
_xКраезнание
080 _aСелскостопански предприятия. Земевладения
_b631.11
_x(497.21-22)
_z631.11(497.21-22)
139 _aТръстеник, Русенско
_bТ 87
245 1 0 _aТръстеник, Русенско
_b1900-1946-1966
257 _aBGR
260 _cб. г.
300 _a8 с.
_c20 см
380 _a3
650 4 _aТКЗС
_9317776
651 4 _aПиргово
_9179366
651 4 _aРусенско
_9179464
653 _aТКЗС
653 _aПиргово
659 _aК
852 _aЦб 44587
852 _aК 63/Т 87
856 4 _qpdf
856 4 _qpdf
942 _cKNG
_n0
_01
_s1
944 _aCR
_c18.05.2015
_kВаля_Йорданова
944 _aED
_c09.10.2015
_kНора_Радева
999 _d167592
999 _d167592